<?xml version="1.0" encoding="UTF-8"?>
<record
    xmlns:xsi="http://www.w3.org/2001/XMLSchema-instance"
    xsi:schemaLocation="http://www.loc.gov/MARC21/slim http://www.loc.gov/standards/marcxml/schema/MARC21slim.xsd"
    xmlns="http://www.loc.gov/MARC21/slim">

  <leader>02864nam a22001937a 4500</leader>
  <controlfield tag="008">120920t        xxu||||| |||| 00| 0 eng d</controlfield>
  <datafield tag="020" ind1=" " ind2=" ">
    <subfield code="a">9780273712121</subfield>
  </datafield>
  <datafield tag="050" ind1=" " ind2=" ">
    <subfield code="a">HF5635.W84</subfield>
  </datafield>
  <datafield tag="100" ind1=" " ind2=" ">
    <subfield code="a">Wood, Frank</subfield>
  </datafield>
  <datafield tag="245" ind1=" " ind2=" ">
    <subfield code="a">Business accounting 1. /</subfield>
    <subfield code="c">Frank Wood and Alan Sangster</subfield>
  </datafield>
  <datafield tag="250" ind1=" " ind2=" ">
    <subfield code="a">11th ed.</subfield>
  </datafield>
  <datafield tag="260" ind1=" " ind2=" ">
    <subfield code="a">London:</subfield>
    <subfield code="b">Prentice Hall,</subfield>
    <subfield code="c">c2008.</subfield>
  </datafield>
  <datafield tag="300" ind1=" " ind2=" ">
    <subfield code="a">xxiii, 762 p.:</subfield>
    <subfield code="b">ill</subfield>
    <subfield code="c">24cm.</subfield>
  </datafield>
  <datafield tag="500" ind1=" " ind2=" ">
    <subfield code="a">Includes index.</subfield>
  </datafield>
  <datafield tag="505" ind1=" " ind2=" ">
    <subfield code="a">Contents: Introduction to double entry bookkeeping: The Accounting equation and the balance sheet -- The Double entry system for assets, liabilities and capital -- Inventory -- The Effect of profit or loss on capital and double entry system for expenses and revenue -- Balancing-off accounts -- The Trial balance -- The Financial statements of sole traders: Income statements: an introduction -- Balance sheets -- Income statements and balance sheets: further considerations -- Accounting concepts and assumptions -- Books of original entry: Books of original entry and ledgers -- The Banking system in the UK -- Cash books -- Sales day book and sales ledger -- Purchases day book and purchases ledger -- Returns day books -- The Journal -- The Analytical petty cash book and imprest system -- Value added tax -- Columnar day books -- Employees pay -- Computers and accounting -- Computerised accounting systems -- Adjustments for financial statements: Capital expenditure and revenue expenditure -- Bad debts, allowance for doubtful debts, and provisions for discounts on accounts receivable -- Depreciation of non-current assets: nature and calculations -- Double entry records for depreciation -- Accruals and prepayments and other adjustments for financial statements -- The Valuation of inventory -- Bank reconciliation statements -- Control accounts -- Errors not affecting the balancing of the trial balance -- Suspense accounts and errors scenarion questions -- Special accounting procedures: Introduction to accounting ratios -- Single entry and incomplete records -- Receipts and payments accounts and income and expenditure accounts -- Manufacturing accounts -- Departmental accounts -- Statements of cash flows -- Joint venture accounts -- Partnership accounts and company accounts: partnership accounts: an introduction -- Goodwill for sole traders and partnerships -- Revaluation of partnership assets -- Partnership dissolution -- An Introduction to the financial statements of limited liability companies -- Purchase of existing partnership and sole traders businesses -- An Introduction to financial analysis: An Introduction to the analysis and interpretation of accounting statements -- An Introduction to management accounting -- Appendix 1: Answers to review questions -- Appendix 2: Answers to multiple choice -- Appendix 3.</subfield>
  </datafield>
  <datafield tag="650" ind1=" " ind2=" ">
    <subfield code="b">Business Accounting</subfield>
  </datafield>
  <datafield tag="700" ind1=" " ind2=" ">
    <subfield code="a">Sangster, Alan</subfield>
  </datafield>
  <datafield tag="942" ind1=" " ind2=" ">
    <subfield code="2">lcc</subfield>
    <subfield code="c">BK</subfield>
  </datafield>
  <datafield tag="999" ind1=" " ind2=" ">
    <subfield code="c">2363</subfield>
    <subfield code="d">9863</subfield>
  </datafield>
  <datafield tag="952" ind1=" " ind2=" ">
    <subfield code="0">0</subfield>
    <subfield code="1">0</subfield>
    <subfield code="2">lcc</subfield>
    <subfield code="4">0</subfield>
    <subfield code="7">0</subfield>
    <subfield code="a">WIUC-1</subfield>
    <subfield code="b">WIUC-1</subfield>
    <subfield code="c">REF</subfield>
    <subfield code="d">2012-09-20</subfield>
    <subfield code="l">0</subfield>
    <subfield code="o">HF5635.W84</subfield>
    <subfield code="p">6162/12</subfield>
    <subfield code="r">2012-09-20 00:00:00</subfield>
    <subfield code="t">1</subfield>
    <subfield code="w">2012-09-20</subfield>
    <subfield code="y">BK</subfield>
  </datafield>
  <datafield tag="952" ind1=" " ind2=" ">
    <subfield code="0">0</subfield>
    <subfield code="1">0</subfield>
    <subfield code="2">lcc</subfield>
    <subfield code="4">0</subfield>
    <subfield code="7">0</subfield>
    <subfield code="a">WIUC-1</subfield>
    <subfield code="b">WIUC-1</subfield>
    <subfield code="c">REF</subfield>
    <subfield code="d">2012-09-20</subfield>
    <subfield code="l">0</subfield>
    <subfield code="o">HF5635.W842</subfield>
    <subfield code="p">6163/12</subfield>
    <subfield code="r">2012-09-20 00:00:00</subfield>
    <subfield code="t">2</subfield>
    <subfield code="w">2012-09-20</subfield>
    <subfield code="y">BK</subfield>
  </datafield>
  <datafield tag="952" ind1=" " ind2=" ">
    <subfield code="0">0</subfield>
    <subfield code="1">0</subfield>
    <subfield code="2">lcc</subfield>
    <subfield code="4">0</subfield>
    <subfield code="7">0</subfield>
    <subfield code="a">WIUC-1</subfield>
    <subfield code="b">WIUC-1</subfield>
    <subfield code="c">REF</subfield>
    <subfield code="d">2012-09-20</subfield>
    <subfield code="l">0</subfield>
    <subfield code="o">HF5635.W843</subfield>
    <subfield code="p">6164/12</subfield>
    <subfield code="r">2012-09-20 00:00:00</subfield>
    <subfield code="t">3</subfield>
    <subfield code="w">2012-09-20</subfield>
    <subfield code="y">BK</subfield>
  </datafield>
  <datafield tag="952" ind1=" " ind2=" ">
    <subfield code="0">0</subfield>
    <subfield code="1">0</subfield>
    <subfield code="2">lcc</subfield>
    <subfield code="4">0</subfield>
    <subfield code="7">0</subfield>
    <subfield code="a">WIUC-1</subfield>
    <subfield code="b">WIUC-1</subfield>
    <subfield code="c">REF</subfield>
    <subfield code="d">2012-09-20</subfield>
    <subfield code="l">0</subfield>
    <subfield code="o">HF5635.W844</subfield>
    <subfield code="p">6165/12</subfield>
    <subfield code="r">2012-09-20 00:00:00</subfield>
    <subfield code="t">4</subfield>
    <subfield code="w">2012-09-20</subfield>
    <subfield code="y">BK</subfield>
  </datafield>
  <datafield tag="952" ind1=" " ind2=" ">
    <subfield code="0">0</subfield>
    <subfield code="1">0</subfield>
    <subfield code="2">lcc</subfield>
    <subfield code="4">0</subfield>
    <subfield code="7">0</subfield>
    <subfield code="a">WIUC-1</subfield>
    <subfield code="b">WIUC-1</subfield>
    <subfield code="c">REF</subfield>
    <subfield code="d">2014-07-30</subfield>
    <subfield code="l">0</subfield>
    <subfield code="o">HF5635.W845</subfield>
    <subfield code="p">7325/350/13</subfield>
    <subfield code="r">2014-07-30 00:00:00</subfield>
    <subfield code="t">5</subfield>
    <subfield code="w">2014-07-30</subfield>
    <subfield code="y">BK</subfield>
  </datafield>
  <datafield tag="952" ind1=" " ind2=" ">
    <subfield code="0">0</subfield>
    <subfield code="1">0</subfield>
    <subfield code="2">lcc</subfield>
    <subfield code="4">0</subfield>
    <subfield code="7">0</subfield>
    <subfield code="a">WIUC-1</subfield>
    <subfield code="b">WIUC-1</subfield>
    <subfield code="c">REF</subfield>
    <subfield code="d">2014-07-30</subfield>
    <subfield code="l">0</subfield>
    <subfield code="o">HF5635.W846</subfield>
    <subfield code="p">7326/351/13</subfield>
    <subfield code="r">2014-07-30 00:00:00</subfield>
    <subfield code="t">6</subfield>
    <subfield code="w">2014-07-30</subfield>
    <subfield code="y">BK</subfield>
  </datafield>
  <datafield tag="952" ind1=" " ind2=" ">
    <subfield code="0">0</subfield>
    <subfield code="1">0</subfield>
    <subfield code="2">lcc</subfield>
    <subfield code="4">0</subfield>
    <subfield code="7">0</subfield>
    <subfield code="a">WIUC-1</subfield>
    <subfield code="b">WIUC-1</subfield>
    <subfield code="c">REF</subfield>
    <subfield code="d">2014-07-30</subfield>
    <subfield code="l">0</subfield>
    <subfield code="o">HF5635.W847</subfield>
    <subfield code="p">7327/352/13</subfield>
    <subfield code="r">2014-07-30 00:00:00</subfield>
    <subfield code="t">7</subfield>
    <subfield code="w">2014-07-30</subfield>
    <subfield code="y">BK</subfield>
  </datafield>
  <datafield tag="952" ind1=" " ind2=" ">
    <subfield code="0">0</subfield>
    <subfield code="1">0</subfield>
    <subfield code="2">lcc</subfield>
    <subfield code="4">0</subfield>
    <subfield code="7">0</subfield>
    <subfield code="a">WIUC-1</subfield>
    <subfield code="b">WIUC-1</subfield>
    <subfield code="c">REF</subfield>
    <subfield code="d">2014-07-30</subfield>
    <subfield code="l">0</subfield>
    <subfield code="o">HF5635.W848</subfield>
    <subfield code="p">7328/353/13</subfield>
    <subfield code="r">2014-07-30 00:00:00</subfield>
    <subfield code="w">2014-07-30</subfield>
    <subfield code="y">BK</subfield>
  </datafield>
</record>
